La nationalite dans les recensements de l'ex-Yougoslavie et des pays qui en sont issus : une rubrique floue et instable
Αποθηκεύτηκε σε:
| Κύριος συγγραφέας: | |
|---|---|
| Συγγραφή απο Οργανισμό/Αρχή: | |
| Μορφή: | Βιβλίο |
| Γλώσσα: | French |
| Δημοσίευση: |
Βόλος :
Πανεπιστήμιο Θεσσαλίας, Τμήμα Μηχανικών Χωροταξίας, Πολεοδομίας και Περιφερειακής Ανάπτυξης, Εργαστήριο Δημογραφικών και Κοινωνικών Αναλύσεων,
2013
|
| Σειρά: | Σειρά δημογραφικών εργασιών για τα Βαλκάνια ;
; 11 |
| Θέματα: | |
| Ετικέτες: |
Προσθήκη ετικέτας
Δεν υπάρχουν, Καταχωρήστε ετικέτα πρώτοι!
|
MARC
| LEADER | 00000cam a2200000 i 4500 | ||
|---|---|---|---|
| 001 | 1/66996 | ||
| 008 | 150213s2013 fre d | ||
| 035 | |l 10121079 | ||
| 040 | |a GR-MY-UA |b gre |e aacr | ||
| 041 | 0 | |a fre | |
| 082 | 0 | |a 304.6 |2 (22) | |
| 100 | 1 | |a Mrdjen, Snjezana. | |
| 245 | 1 | 3 | |a La nationalite dans les recensements de l'ex-Yougoslavie et des pays qui en sont issus : |b une rubrique floue et instable / |c Snjezana Mrdjen |
| 260 | |a Βόλος : |b Πανεπιστήμιο Θεσσαλίας, Τμήμα Μηχανικών Χωροταξίας, Πολεοδομίας και Περιφερειακής Ανάπτυξης, Εργαστήριο Δημογραφικών και Κοινωνικών Αναλύσεων, |c 2013 | ||
| 300 | |a 22 σ.; |c 29 εκ. | ||
| 490 | 1 | |a Σειρά δημογραφικών εργασιών για τα Βαλκάνια |v ; 11 | |
| 504 | |a Περιλαμβάνει βιβλιογραφία | ||
| 650 | 0 | 0 | |a Demography. |
| 651 | 0 | |a Yugoslavia |x Population. | |
| 710 | 2 | |a Πανεπιστήμιο θεσσαλίας Εργαστήριο Δημογραφικών και Κοινωνικών Αναλύσεων |b Τμήμα Μηχανικών Χωροταξίας, Πολεοδομίας και Περιφερειακής Ανάπτυξης. | |
| 830 | 0 | |a Σειρά δημογραφικών εργασιών για τα Βαλκάνια ; |v ; 11 | |
| 852 | |a INST |b RHODES |e 20150213 |h 304.6 MRD |p 005400037631 |q 005400037631 |t BK |y 0 | ||
| 901 | |a BIBL4-2015-2 | ||
| 909 | |a Ρ |b 183950 | ||
| 970 | |z 2015/02/13 | ||